Report of the Workshop on Minority Protection in Sri Lanka (Record no. 53)

MARC details
000 -LEADER
fixed length control field 004240000a22001450004500
005 - DATE AND TIME OF LATEST TRANSACTION
control field 20240113154211.0
008 - FIXED-LENGTH DATA ELEMENTS--GENERAL INFORMATION
fixed length control field 230817t1999 ||||| |||| 00| 0 eng d
082 ## - DEWEY DECIMAL CLASSIFICATION NUMBER
Classification number 323.1
Item number REP
942 ## - ADDED ENTRY ELEMENTS (KOHA)
Item Type Reports
245 ## - TITLE STATEMENT
Title Report of the Workshop on Minority Protection in Sri Lanka
260 ## - PUBLICATION, DISTRIBUTION, ETC. (IMPRINT)
Place of Publication Colombo:
Name of Publisher ICES,
Date of Copyright 1999
300 ## - PHYSICAL DESCRIPTION
Extent 12 p.
440 ## - SERIES STATEMENT/ADDED ENTRY--TITLE
Title Minority Protection in South Asia Workshop report
Volume 1
650 ## - SUBJECT ADDED ENTRY--TOPICAL TERM
Topical Term MINORTITY RIGHTS-Sri Lanka
Holdings
Withdrawn status Lost status Damaged status Not for loan Permanent location Current location Date acquired Total Checkouts Full call number Barcode Date last seen Price effective from Koha item type
        Resource center, Muslim Women's Research And Action Forum Resource center, Muslim Women's Research And Action Forum 2023-08-17   323.1 REP RAF3947 2023-08-17 2023-08-17 Reports

Copyright © 2023 Muslim Women's Research and Action Forum (MWRAF), No 27/3, Anderson Road, Kalubowila, Dehiwela. Funded by The Asia Fundation